000 00547nam a22001937a 4500
999 _c19980
_d19980
003 AR-CdUCM
008 190221b ||||| |||| 00| 0 eng d
040 _aMUNICIPALIDAD PROVINCIAL DEL CUSCO
_cBIBLIOTECA MUNICIPAL DEL CUSCO
082 _a869.56 /
_bP45
100 _aPérez Ocampo, Gustavo
_946939
245 _aplural desvelo /
260 _aCusco :
_bGarcilaso :
_c1958.
300 _a61 paginas
_c26 cm
505 _aContenido : Poemas.
650 _aLiteratura
_983
650 _aPoesías
_946940
942 _2ddc
_cLIBROS
945 _arcc